000 00550nam a2200193Ia 4500
005 20260114185715.0
008 008 260114s9999 xx 000 0 eng d
020 _a9780755623211
037 _aEBOOK
040 _aCRL
_beng
_cCRL
041 _aeng
_2eng
084 _qCRL
100 _aKeith Laybourn
_9873407
245 0 _aModern Britain Since 1906 A Reader
260 _bBloomsbury
_c1999
856 _uhttps://doi.org/10.5040/9780755623211?locatt=label:secondary_bloomsburyCollections
942 _cEBOOK
999 _c1472355
_d1472355